Responses for show #5210 - Friday, April 13, 2007

Contestants

[<< previous game]

Gin Peck, a computer consultant from Phelps, New York

Matt Sojot, a firefighter from Mililani, Hawaii

Chris Dellicarpini, a screenwriter from South Huntington, New York (whose 1-day cash winnings total $25,199)

[next game >>]

Jeopardy! Round responses

FRIDAY THE 13th
(Alex: How appropriate.)
NATIONAL PEOPLE
LITERARY FILL IN THE BLANK
EAT IT, BEAT IT OR TREAT IT
(Alex: You have to tell us which one.)
NOT TO BE CONFUSED
"V" IS FOR...
(Alex: ...whatever.)
    $200 6
Germany (or the Nazis)

Gin
    $200 26
Chad

Gin
    $200 11
a Musketeer

Matt
    $200 21
beat it

Gin
    $200 16
pasta

Matt
    $200 1
a valet

Gin
    $400 7
the America's Cup

Chris
    $400 27
Kathy Ireland

Gin
    $400 12
(Chris: What is the sword in the stone?)

the sword

ChrisMatt
    $400 22
treat it

Gin
    $400 17
ballistics

Matt
    $400 2
VapoRub

Chris
    $600 8
(Lyndon) Johnson

Gin
    $600 28
Georgia O'Keeffe

Gin
    $600 13
Manderley

Gin
    $600 23
(Alex: Ringworm.)

treat it

Matt
    $600 18
hemoglobin

Gin
    $600 3
vermouth

Matt
    $800 9
ASCAP

Chris
    $800 29
(Chris: What is Shiransky?)

France

Chris
Triple Stumper
    $800 14
Greystoke

Gin
    $800 24
eat it

Gin
    $800 19
Reuters

Matt
    $800 4
the Vikings

Gin
    $1000 10
Jericho

Gin
    $1000 30
(Alex: Did you catch the connection? Each correct response was a country.)

Neil Jordan

Triple Stumper
    $2,000 15
(Gin: Field? What is field?)

deck

Gin
    $1000 25
(Alex: An African drum.)

beat it

Chris
    $1000 20
(Alex: And when you say "hircine", you're talking mostly about the odor of [*]. So be careful.)

a goat

Triple Stumper
    $1000 5
a vocation

Matt

Scores at the first commercial break (after clue 15):

Chris Matt Gin
$1,200 $2,200 $2,200

Scores at the end of the Jeopardy! Round:

Chris Matt Gin
$1,400 $4,200 $5,400

Double Jeopardy! Round responses

AMERICAN WORLD CAPITALS
ACTORS IN BONDAGE
(Alex: You have to name the actor who played James Bond.)
MARKETING
POLITICAL, PICTORIAL BEFORE & AFTER
(Alex: That'll be fun.)
ARTY FACTS
THE ANSWER LIES WITHIN
(Alex: Each correct response will be found within the text of the clue. Not necessarily within one word only, so beware.)
    $400 17
Gerber

Chris
    $400 1
Sean Connery

Chris
    $400 6
(Chris: What's a pop-up?)

a banner

Chris
Triple Stumper
    $400 7
St. George Will

Chris
    $400 10
Hans & Franz

Chris
    $400 26
(Alex: [*]--Hone and S-T from "Steve." Right.)

honest

Chris
    $800 18
salmon

Gin
    $800 2
Roger Moore

Gin
    $800 22
(Chris: What are used cars?)

a rebate

ChrisMatt
    $800 8
George Washington Irving

Gin
    $800 13
Da Vinci

Chris
    $800 27
a mouse

Matt
    $1200 19
Lender's

Gin
    $1200 3
(Chris: Who is Timothy Dalton?)
...
(Alex: [*]--Chris was gonna say that.)

(Pierce) Brosnan

ChrisMatt
    $1200 23
saturation

Chris
    $1200 9
(Chris: Who is Howard Dean Rusk?)
...
(Alex: Before Dean Rusk. [*].)

Howard Dean Acheson

Chris
Triple Stumper
    $1200 14
(René) Magritte

Chris
    $1200 28
bleat

Gin
    $2,000 20
(Alex: [*], home of the famous groundhog.)

Punxsutawney

Gin
    $1600 4
Dalton

Matt
    $1600 24
a focus group

Chris
    $2,000 11
T.S. Eliot Spitzer

Chris
    $1600 15
Diego Rivera

Chris
    $1600 29
ringtone

Gin
    $2000 21
Arizona

Matt
    $2000 5
George Lazenby

Chris
    $2000 25
integration

Chris
    $2000 12
Matthew Arnold Schwarzenegger

Gin
    $2000 16
(Gustav) Klimt

Gin
    $2000 30
(Alex: [*], yes. The back half of "Andes" and the first letters of P-A-I-R. Pair.)

despair

Chris

Scores at the end of the Double Jeopardy! Round:

Chris Matt Gin
$14,200 $10,600 $17,800

[wagering suggestions for these scores]

Final Jeopardy! Round responses

HOLIDAYS & OBSERVANCES
(Alex: [Revealing Chris's response] No, you were thinking of Yankee Doodle Dandy, I guess.)
(Chris: I saw him tap dance once.)
(Alex: Yeah? He was a pretty good hoofer.)
...
(Alex: The man's name was [*]. He was known as "Bojangles Robinson". But you had to come up with his last name.)
MattWho is Mr. Bojangles?
$10,599
ChrisWho is Jimmy Cagney?
$7,000
GinWho is Robinson? Astaire
$11,000
Bill Robinson

Final scores:

Chris Matt Gin
$7,200 $1 $28,800
2nd place: $2,000 3rd place: $1,000 New champion: $28,800

Game dynamics:

Coryat scores:

Chris Matt Gin
$13,800 $10,600 $19,400
18 R
(including 1 DD),
6 W
13 R,
0 W
23 R
(including 1 DD),
1 W
(including 1 DD)

Combined Coryat: $43,800

The J! Archive is created by fans, for fans. The Jeopardy! game show and all elements thereof, including but not limited to copyright and trademark thereto, are the property of Jeopardy Productions, Inc. and are protected under law. This website is not affiliated with, sponsored by, or operated by Jeopardy Productions, Inc. Join the discussion at JBoard.tv.